| 000 | 00703nam a2200217Ia 4500 | ||
|---|---|---|---|
| 003 | PILC | ||
| 005 | 20160216074214.0 | ||
| 008 | 140429s9999 xx 000 0 und d | ||
| 020 | _a9781111346584 | ||
| 050 |
_aBF 76.5 _b.J29 2012 |
||
| 100 | _aJackson, Sherri L. | ||
| 245 |
_aResearch methods and statistics : _ba critical thinking approach / _cSherri L. Jackson. |
||
| 250 | _a4th edition. | ||
| 260 |
_aCalifornia : _bWadsworth Cengage Learning, _c2012. |
||
| 300 |
_a510 pages : _billustrations ; _c24 cm. |
||
| 500 | _aIncludes bibliographical references and index. | ||
| 650 |
_aPsychology _xResearch --Methodology. |
||
| 650 | _aPsychometrics. | ||
| 942 |
_kFOR _cBK _2lcc |
||
| 999 |
_c115687 _d115687 |
||